000 00785nam a2200241Ia 4500
008 191130s2003##################000#0#eng##
020 _a1840648058
022 _a2003049104
040 _aACL
_cACL
082 _a302.35 LAZ
245 _aKnowledge, learning, and routines; routines volume II
_cedited by Nathalie Lazaric and Edward Lorenz
260 _aCheltenham, UK ; Northampton, MA, USA
_bEdward Elgar Pub
_cc2003
300 _a2 v. : ill. ; 25 cm
500 _aIncludes bibliographical references and index
650 _aIntellectual capital
650 _aOrganizational behavior
650 _aOrganizational learning
700 _aLazaric, Nathalie
700 _aLorenz, Edward
990 _a0ac2583dac10000c72afea09bc7686cd
991 _a17985
999 _c227083
_d227083